| 000 | 00361nam a2200145Ia 4500 | ||
|---|---|---|---|
| 999 |
_c19107 _d19107 |
||
| 082 | _aRR0239 | ||
| 100 | _aRamana Reddy, I.V. | ||
| 245 | 0 | _aReligiosaity across life span | |
| 260 | _c2005 | ||
| 504 | _aICSSR Research Project Report | ||
| 650 | _aRELIGIOUSNESS | ||
| 650 | _aCONCEPTION - RELIGIOUS ASPECTS | ||
| 700 | _aGovinda Reddy, B. | ||
| 942 |
_cRP _2ddc |
||